=LDR 00000nam 2200000 4500 =001 000771 =005 20250712014828 =035 ##$$a 0010-0725000640 =007 ta =008 250712################a##########0#ind## =020 ##$$a 978-623-472-330-4 =082 ##$$a 398.209 598 =084 ##$$a 398.209 598 ALL d =100 #$$a Alliance, Created Collaboratively at the m Educational =245 1#$$a Drake si Naga Ajaib /$c Created Collaboratively at the m Educational Alliance =250 ##$$a Cetakan Pertama =260 ##$$a Jakarta :$b Badan Pengembangan dan Pembinaan Bahasa,$c 2022 =300 ##$$a 16 hlm. : $b ilus.$e 22,9 cm =650 #4$$a Cerita Anak Indonesia-Terjemahan =650 #4$$a Literasi-Bahan Bacaan =856 ##$$a TBM As Suhada =990 ##$$a TBM202400713